Statistics for 2022-23 Miami Heat Roster

Click here to take the quiz!

General Stats

  • This quiz has been taken 22 times
  • The average score is 13 of 16

Answer Stats

NumberPlayer% Correct
13Bam Adebayo
100%
22Jimmy Butler
100%
7Kyle Lowry
100%
14Tyler Herro
100%
16Caleb Martin
94%
55Duncan Robinson
94%
25Orlando Robinson
88%
40Udonis Haslem
88%
2Gabe Vincent
81%
31Max Strus
81%
24Haywood Highsmith
75%
5Nikola Jovic
75%
77Omer Yurtseven
69%
8Jamal Cain
63%
4Victor Oladipo
63%
21Dewayne Dedmon
44%

Score Distribution

Percentile by Number Answered

Percent of People with Each Score

Your Score History

You have not taken this quiz